Borussia Mönchengladbach players (2000-2010) - Statistics

General Stats
  • This quiz has been taken 3 times
  • The average score is 80 of 125
Answer Stats
Rank Player Positions Nationality Matches Goals (assists) Period % Correct
45 Alexander Voigt LB 39 0 (1) 2007-2009
100%
41 Bernd Thijs DM 44 0 (2) 2004-2007
100%
54 Bo Svensson CB 32 2 (0) 2005-2007
100%
69 Bradley Carnell LB 24 1 (2) 2003-2005
100%
88 Christian Ziege LM 13 0 (1) 2004-2005
100%
33 Christofer Heimeroth GK 54 0 (0) 2006-2010
100%
80 Darius Kampa GK 17 0 (0) 2004-2006
100%
77 David Degen RM 18 2 (1) 2006-2007
100%
34 Eugen Polanski DM 53 1 (4) 2004-2008
100%
55 Federico Insúa AM 32 2 (2) 2006-2007
100%
9 Filip Daems LB 111 4 (1) 2004-2006, 2007-2010
100%
82 Gal Alberman DM 16 0 (1) 2008-2009
100%
36 Hassan El Fakiri LB 49 1 (7) 2005-2007
100%
5 Igor Demo CM 118 25 (7) 2000-2005
100%
4 Ivo Ulich CM 120 10 (9) 2001-2005
100%
74 Jean-Sébastien Jaurès LB 20 0 (0) 2008-2010
100%
7 Jeff Strasser CB 113 3 (1) 2002-2006
100%
83 Johannes van den Bergh LB 16 1 (0) 2006-2009
100%
87 Jörg Böhme LM 14 1 (2) 2004-2006
100%
12 Jörg Stiel GK 89 0 (0) 2001-2004
100%
23 Joris Van Hout CB 69 11 (4) 2002-2005
100%
49 Juan Arango LM 34 2 (10) 2009-2010
100%
35 Kahê ST 53 6 (5) 2005-2007
100%
28 Karim Matmour RW 59 4 (2) 2008-2010
100%
19 Kasey Keller GK 78 0 (0) 2004-2007
100%
42 Kasper Bøgelund RB 44 2 (0) 2005-2008
100%
107 Krisztián Lisztes AM 5 0 (0) 2005-2006
100%
37 Logan Bailly GK 46 0 (2) 2008-2010
100%
21 Marcell Jansen LB 73 5 (7) 2004-2007
100%
46 Marcel Ndjeng RM 39 4 (14) 2007-2009
100%
24 Marko Marin AM 68 8 (27) 2006-2009
100%
56 Marvin Compper CB 31 0 (1) 2005-2008
100%
10 Max Eberl RB 92 0 (1) 2000-2004
100%
30 Michael Bradley CM 57 7 (1) 2008-2010
100%
62 Michael Delura RW 28 3 (2) 2006-2007
100%
99 Michael Melka GK 8 0 (0) 2001-2005
100%
109 Mikkel Thygesen CM 5 0 (0) 2006-2007
100%
44 Milan Fukal CB 42 1 (0) 2004-2006
100%
40 Nando Rafael ST 45 9 (2) 2005-2008
100%
75 Nico Van Kerckhoven LB 19 0 (0) 2004-2005
100%
93 Niels Oude Kamphuis DM 12 0 (1) 2005-2006
100%
1 Oliver Neuville ST 153 42 (30) 2004-2010
100%
16 Peter Van Houdt ST 83 20 (7) 2000-2004
100%
98 Robert Fleßers DM 9 0 (1) 2005-2007
100%
32 Roberto Colautti ST 57 9 (4) 2007-2010
100%
17 Rob Friend ST 83 28 (8) 2007-2010
100%
14 Roel Brouwers CB 87 12 (3) 2007-2010
100%
50 Sascha Rösler CF 34 9 (5) 2007-2009
100%
67 Sebastian Svärd DM 26 0 (1) 2006-2009
100%
81 Sharbel Touma AM 17 3 (2) 2007-2009
100%
59 Soumaila Coulibaly AM 30 3 (5) 2007-2009
100%
38 Steve Gohouri CB 46 2 (2) 2006-2009
100%
25 Thomas Broich AM 68 4 (9) 2003-2006
100%
92 Thomas Helveg RB 13 0 (0) 2005-2007
100%
13 Tobias Levels RB 88 1 (5) 2006-2010
100%
20 Vaclav Sverkos ST 76 17 (6) 2003-2007
100%
65 Wesley Sonck ST 28 6 (1) 2004-2007
100%
26 Zé António CB 64 3 (0) 2005-2007
100%
53 Alexander Baumjohann AM 32 3 (8) 2006-2009
50%
122 Andreas Spann ST 1 0 (0) 2002-2003
50%
8 Arie van Lent ST 111 35 (19) 2000-2004
50%
110 Bekim Kastrati ST 4 0 (0) 2005-2006
50%
3 Bernd Korzynietz RB 127 7 (14) 2000-2005
50%
118 Bernd Meier GK 2 0 (0) 2000-2002
50%
106 Claus Reitmaier GK 5 0 (2) 2003-2004
50%
89 Craig Moore CB 13 1 (0) 2004-2005
50%
43 Dante CB 42 6 (0) 2008-2010
50%
48 Enrico Gaede DM 35 0 (0) 2002-2005
50%
119 Fabian Bäcker RW 2 1 (0) 2009-2010
50%
123 Frederic Löhe GK 1 0 (0) 2008-2009
50%
111 Giovane Élber ST 4 0 (0) 2005-2006
50%
103 Jan-Ingwer Callsen-Bracker CB 7 0 (0) 2008-2009
50%
61 Joonas Kolkka RW 28 2 (3) 2003-2004
50%
27 Lawrence Aidoo AM 60 7 (6) 2000-2004
50%
66 Marcel Ketelaer LM 26 0 (9) 2002-2004
50%
78 Marcel Meeuwis DM 18 0 (0) 2009-2010
50%
6 Marcelo Pletsch CB 114 3 (1) 2000-2005
50%
22 Marcel Witeczek ST 71 4 (4) 2000-2003
50%
52 Marco Reus AM 33 8 (4) 2009-2010
50%
70 Marek Heinz ST 23 1 (0) 2004-2006
50%
11 Markus Hausweiler DM 91 3 (1) 2000-2005
50%
85 Mikael Forssell ST 16 7 (3) 2002-2003
50%
90 Moses Lamidi ST 13 0 (0) 2006-2010
50%
71 Oliver Kirch DM 22 0 (2) 2003-2004, 2006-2007
50%
104 Pascal Ojigwe DM 7 0 (0) 2003-2004
50%
91 Patrick Herrmann RW 13 1 (1) 2009-2010
50%
31 Patrick Paauwe CB 57 4 (5) 2007-2009
50%
76 Paul Stalteri RB 19 0 (1) 2008-2010
50%
2 Peer Kluge DM 141 9 (14) 2001-2007
50%
29 Peter Nielsen AM 58 3 (4) 2000-2002
50%
58 Raúl Bobadilla ST 30 4 (7) 2009-2010
50%
124 René Schnitzler ST 1 0 (0) 2006-2007
50%
120 Roman Neustädter CB 2 0 (0) 2009-2010
50%
117 Sebastian Schachten RB 3 0 (0) 2007-2009
50%
18 Steffen Korell DF 80 1 (1) 2000-2005
50%
113 Stephan Schulz-Winge MF 4 0 (0) 2002-2004
50%
60 Thomas Kleine CB 30 3 (0) 2007-2010
50%
125 Tim Rubink CB 1 0 (0) 2006-2007
50%
86 Tomas Galasek DM 15 0 (1) 2008-2009
50%
95 Tony Jantschke RB 10 1 (0) 2008-2010
50%
101 Uwe Gospodarek GK 8 0 (0) 2007-2009
50%
114 Vladimir Ivic AM 4 1 (0) 2004-2005
50%
68 Benjamin Auer ST 25 3 (0) 2000-2002
0%
72 Berthil ter Avest LM 21 1 (0) 2000-2002
0%
102 Christian Dorda LB 7 0 (0) 2008-2009
0%
96 Daniel Embers LB 9 0 (0) 2002-2003
0%
73 Daniel Felgenhauer RM 21 1 (1) 2001-2003
0%
94 Jan Schlaudraff CF 10 0 (0) 2002-2003, 2004-2005
0%
115 Jens Bäumer CM 3 0 (0) 2000-2001
0%
112 Marcel Podszus ST 4 0 (0) 2003-2004
0%
79 Marcin Mieciel ST 18 2 (1) 2001-2002
0%
84 Marco Küntzel ST 16 1 (2) 2001-2003
0%
39 Markus Münch LB 45 7 (6) 2001-2003
0%
57 Markus Osthoff LW 30 4 (1) 2000-2001
0%
108 Mehdi Ben Slimane RW 5 0 (0) 2000-2001
0%
100 Milan Obradovic RB 8 0 (0) 2003-2004
0%
63 Morten Skoubo ST 28 4 (0) 2002-2004
0%
97 Quido Lanzaat CB 9 0 (0) 2000-2002
0%
116 Rubén González CB 3 0 (0) 2003-2004
0%
121 Sebastian Plate RB 2 0 (0) 2002-2003, 2004-2005
0%
15 Sladjan Asanin CB 86 6 (2) 2000-2004
0%
47 Stéphane Stassin AM 37 1 (2) 2000-2003
0%
64 Thorben Marx DM 28 0 (3) 2009-2010
0%
105 Tomislav Maric ST 7 1 (0) 2003-2004
0%
51 Uwe Kamps GK 34 0 (0) 2000-2001, 2003-2004
0%
No matching quizzes found
Score Distribution
Percent of People with Each Score
Percentile by Number Answered
Your Score History
You have not taken this quiz